Ванина Ванини: [новелла]; Первый шедевр Стендаля; Стендаль в России
| Hovedforfatter: | |
|---|---|
| Andre forfattere: | , |
| Summary: | Авт. указан на корешке В суперобложке. |
| Sprog: | russisk |
| Udgivet: |
Москва, Книга, 1983
|
| TOC: | Первый шедевр Стендаля; В. Я. Бахмутский, Стендаль в России; |
| Serier: | Книга и время |
| Fag: | |
| Format: | Bog |
| KOHA link: | https://koha.lib.tpu.ru/cgi-bin/koha/opac-detail.pl?biblionumber=226615 |
MARC
| LEADER | 00000nam0a2200000 4500 | ||
|---|---|---|---|
| 001 | 226615 | ||
| 005 | 20231101230737.0 | ||
| 010 | |b 5000 экз. | ||
| 035 | |a (RuTPU)RU\TPU\book\246992 | ||
| 090 | |a 226615 | ||
| 100 | |a 20121123d1983 m y0rusy50 ca | ||
| 101 | 1 | |a rus |c fre | |
| 102 | |a RU | ||
| 105 | |a ac z 001ay | ||
| 200 | 1 | |a Ванина Ванини |e [новелла] |f Стендаль |g пер. Н. И. Немчинова ; худож. И. Д. Кириакиди | |
| 210 | |a Москва |c Книга |d 1983 | ||
| 215 | |a 166 с. |c ил., портр. |d 10 см. | ||
| 225 | 1 | |a Книга и время | |
| 300 | |a Авт. указан на корешке | ||
| 300 | |a В суперобложке. | ||
| 320 | |a Библиографические списки: с. 163-164 | ||
| 320 | |a Комментарии: с. 119-121. | ||
| 464 | |t Первый шедевр Стендаля | ||
| 464 | |t Стендаль в России |f В. Я. Бахмутский |a Бахмутский, В. Я. | ||
| 610 | 1 | |a французская литература | |
| 610 | 1 | |a новеллы | |
| 610 | 1 | |a 19 век | |
| 610 | 1 | |a миниатюрные издания | |
| 686 | |a Ч611.68 |v LBC/SL-A |2 rubbk | ||
| 700 | 1 | |a Стендаль |c настоящее имя и фамилия Анри Мари Бейль |c французский писатель |f 1783-1842 |2 stltpush |3 (RuTPU)RU\TPU\pers\442 |9 217 | |
| 702 | 1 | |a Немчинова |b Н. И. |4 730 | |
| 702 | 1 | |a Кириакиди |b И. Д. |c российский художник книги |c график |f 1940- |g Иван Дмитриевич |2 stltpush |3 (RuTPU)RU\TPU\pers\15450 |4 440 |9 5362 | |
| 801 | 1 | |a RU |b 63413507 |c 20121123 | |
| 801 | 2 | |a RU |b 63413507 |c 20121123 |g RCR | |
| 942 | |c BK | ||